4 Most Famous Cities in Kuwait on a Map - Statistics

General Stats
  • This quiz has been taken 101 times
  • The average score is 2 of 4
Answers on the Map
Answers color-coded by a green-red scale on the quiz's map according to % correct below.
 
Answer Stats
Wiki Monthly Views Cityquiz Mention Rate Population Answers % Correct
48.71K 45.60% 3268.43K Kuwait City
99%
2.20K 0.52% 30.99K Al Ahmadi
40%
3.44K 0.44% 452.26K Al Jahra
39%
6.43K 0.01% 5.83K Failaka/Az Zawr
29%
No matching quizzes found
Score Distribution
Percent of People with Each Score
Percentile by Number Answered
Your Score History
You have not taken this quiz